000 05778cam a22017534i 4500
003 PE-LiUPU
005 20250813165617.0
008 150625s r 000 0 d
035 _a(Sirsi) a30109
040 _aPE-LiUPU
_bspa
_cPE-LiUPU
_erda
049 _aPRUA
082 0 4 _a618.45
_bV228p
_221
100 1 _aVander, Adrian,
_eautor.
245 1 0 _aParto sin Dolor :
_bEl moderno método recomendado por los especialistas para lograr: Un Embarazo y un parto faciles y sin transtornos. Máxima seguridad para la madre y el niño. Hijos sanos y robustos. /
_cAdrian Vander.
264 1 _aBarcelona :
_bSintes - Ronda Universidad,
_c1981,
300 _a200 páginas :
_bIlustrado ;
_c18 centímetros.
336 _atext
_2rdacontent
337 _aunmediated
_2rdamedia
338 _avolume
_2rdacarrier
500 _aContiene además ejercicios especiales para conservar la salud y la belleza.
505 _aNuevos descubrimientos que garantizan una maternidad sin dolores ni trastornos -- Importante discurso que hizo Su Santidad el Papa Pío XII sobre el nuevo método de parto sin dolor -- La mujer ante la maternidad -- Aproveche las ventajas del nuevo método de parto natural o sin dolor -- Lo que debe usted saber de las funciones de la procreación -- Señales del embarazo. Cómo conocer en seguida si se está embarazada -- Desarrollo del nuevo ser -- ¿Cuándo nacerá su hijo? -- Trastornos más frecuentes durante el embarazo -- El miedo, la tensión nerviosa y la angustia. Cómo librarse de estos trastornos. Cómo llegar a un parto feliz -- Nuestra teoría de las ideas perturbadoras -- Los magníficos resultados del nuevo método de parto natural -- Atlas de ilustraciones -- El miedo y el parto doloroso -- Por qué siente usted dolores -- No debe haber dolor en el parto -- El relajamiento. Cómo librarse de la tensión nerviosa. Cómo lograr la sensación de tranquilidad y perfecto bienestar -- Cómo se practica la cura de relajamiento -- Ejercicios de mover y aflojar -- Ejercicios de respiración especialmente útiles para usted. Agilidad y respiración fácil durante todo el embarazo -- Ejercicios especiales de gimnasia para un parto fácil y sin dolores -- Más salud, resistencia y elasticidad mediante una alimentación sana y fortaleciente -- Los principios alimenticios -- ¿Qué cantidad se necesita diariamente de cada principio alimenticio? -- ¿Puede reducirse el peso del niño mediante una alimentación especial de la madre? -- El peso de la embarazada – El parto -- ¿Dónde es mejor dar a luz: en casa o en la clínica? -- El parto en casa. Cuidados al empezar el parto -- Consejos para los familiares -- Lo que debe usted hacer durante el parto. Cómo hacerlo más corto y con menos molestias -- Modernos calmantes del dolor -- Nuevos métodos para independizarse de los dolores, tanto corporales como morales. Cómo liberarse de la neurosis del dolor.
526 _aP203
526 _aP200
526 _aSEG65
526 _aSEG64
526 _aSEG63
526 _aSEG62
526 _aSEG61
526 _aSEG60
526 _aSEG59
526 _aSEG58
526 _aSEG57
526 _aSEG56
526 _aSEG55
526 _aSEG54
526 _aSEG53
526 _aSEG52
526 _aSEG51
526 _aSEG50
526 _aSEG49
526 _aSEG48
526 _aSEG47
526 _aSEG46
526 _aSEG24
526 _aSEG23
526 _aSEG22
526 _aSEG21
526 _aSEG20
526 _aSEG19
526 _aSEG18
526 _aSEG17
526 _aSEG16
526 _aSEG14
526 _aSEG13
526 _aSEG12
526 _aSEG11
526 _aSEG10
526 _aSEG09
526 _aSEG06
526 _aSEG05
526 _aSEG04
526 _aSEG03
526 _aSEG02
526 _aSEG68
526 _aSEG66
526 _aSEG45
526 _aSEG25
526 _aSEG01
526 _aP163
526 _aP162
526 _aP161
526 _aP160
526 _aP159
526 _aP158
526 _aP157
526 _aP156
526 _aP155
526 _aP154
526 _aP153
526 _aP152
526 _aP151
526 _aP150
526 _aP149
526 _aP142
526 _aP141
526 _aP140
526 _aP139
526 _aP138
526 _aP137
526 _aP132
526 _aP131
526 _aP130
526 _aP126
526 _aP125
526 _aP124
526 _aP123
526 _aP115
526 _aP122
526 _aP121
526 _aP116
526 _a P114
526 _aP112
526 _aP111
526 _aP104
526 _aP103
526 _aP102
526 _aP101
526 _aP100
526 _aP96
526 _aP95
526 _aP93
526 _aP92
526 _aP91
526 _aP88
526 _aP83
526 _aP82
526 _aP79
526 _aP78
526 _aP75
526 _aP74
526 _aP71
526 _aP69
526 _a P51
526 _aP49
526 _aP48
526 _aP47
526 _aP33
526 _aP31
526 _a P30
526 _aP29
526 _aP27
526 _aP26
526 _aP25
526 _aP24
526 _a P22
526 _aP10
526 _aP09
526 _a P08
526 _aP06
526 _aP05
526 _aP04
526 _aP01
650 0 _aParto
_92001
650 0 _aObstetricia
_92002
942 _2ddc
_cBK
949 _a618.45 V28
_wDEWEY
_c1
_i24792
_lCCODEBUL1
_mBUL
_p00.00
_r0
_sY
_tBOOK
_u2015-06-25
_xBIBLIOTECA
_zUNKNOWN
_0COMPRA
_o.STAFF. Colección General
999 _c37534
_d37534
980 _81
_gALBERTO SANCHEZ Responsable de Automatización